Liberación, éxodo y Biblia : El concepto bíblico de liberación / J. Mervin Breneman O, Editor (Registro nro. 38568)
[ vista simple ]
| 000 -LÍDER | |
|---|---|
| Campo fijo de descripción fija | 007510000a22001690004500 |
| 001 - NÚMERO DE CONTROL | |
| Campo de control | 8405 |
| 041 0# - CÓDIGO DE IDIOMA | |
| Código de idioma para texto/pista de sonido o título separado | |
| 082 04 - NÚMERO DE CLASIFICACIÓN DECIMAL DEWEY | |
| Número de clasificación | G 270.92 B837i |
| 245 10 - TÍTULO | |
| Título del Material | Liberación, éxodo y Biblia : El concepto bíblico de liberación / J. Mervin Breneman O, Editor |
| 260 ## - PUBLICACIÓN, DISTRIBUCIÓN, ETC. (PIE DE IMPRENTA) | |
| Lugar de publicación, distribución, etc. | Miami, FL., USA : Caribe |
| 300 ## - DESCRIPCIÓN FÍSICA | |
| Extensión | 143 Pag |
| 336 ## - CONTENT TYPE | |
| Content type term | texto |
| Content type code | txt |
| Source | rdacontent |
| 337 ## - MEDIA TYPE | |
| Source | rdamedia |
| Media type term | sin mediación |
| Media type code | n |
| 338 ## - CARRIER TYPE | |
| Source | rdacarrier |
| Carrier type term | volumen |
| Carrier type code | nc |
| 505 00 - NOTA DE CONTENIDO | |
| Nota de contenido con formato preestablecido | - El Éxodo como tema de interpretación teológica. Mervin Breneman - El soter en los profetas. Oscar Pereira. - Libertad en el pensamiento de San Pablo. Hugo Zorrilla. - El transfondo revolucionario del Nuevo Testamento. Isamel Araya. - Liberación según los Evangelios. Ricardo Foulkes. |
| 942 ## - TIPO DE MATERIAL (KOHA) | |
| Tipo de Item KOHA | Libros General |
| Estado de Material | Estado de Perdido | Estado de Dañado | No para Préstamo | Colección | Tomo | Biblioteca de Origen | Biblioteca Permanente | Fecha de Adquisición | Total de Préstamos | Signatura Topográfica | Código de Barras | Última vez visto | Ejemplar/Existencia | Fecha de Remplazo | Tipo de Material |
|---|---|---|---|---|---|---|---|---|---|---|---|---|---|---|---|
| Colección General | Biblioteca FUSBC | Biblioteca FUSBC | 31/05/2007 | G 270.92 B837i | 15791 | 12/12/2019 | 1 | 26/01/2016 | Libros General |
